| 000 | 00412nam a22001577a 4500 | ||
|---|---|---|---|
| 003 | OSt | ||
| 008 | 230421b2019 |||||||| |||| 00| 0 eng d | ||
| 020 | _a9789389307948 | ||
| 082 |
_a158.7 _bKAI-O |
||
| 100 | _aKaila, H.L. | ||
| 245 |
_aOrganizational psychology / _cH.L. Kaila |
||
| 260 |
_aNew Delhi : _bDreamtech Press, _c2019. |
||
| 300 | _axvi, 309p. ; | ||
| 650 | _aPsychology, Industrial | ||
| 942 |
_2ddc _cBK |
||
| 999 |
_c19478 _d19478 |
||